[Event "CCL-E015"]
[Site "www.playchess.de"]
[Date "2001.04.18"]
[Round "4"]
[White "brisas2k"]
[Black "Slipknot"]
[WhiteElo "2000"]
[BlackElo "2000"]
[PlyCount "22"]
[Result "0-1"]

1.Nf3 Nf6 {Hello. I'm sure this will be an 
interesting game.}  2.d4 d5 {What does the 3.1 
1.0.0 mean after chessmaster 8000 on your program 
description? I also use cm8000}  3.c4 dxc4 {You 
don't want to chat? That's cool i won't bother you 
again.}  4.e3 {Sorry.. I did not see your last 
message. Can you resend it?.}  e6 {No problem.  I 
just wondered what the 3.1 1.0.0 meant next to 
your cm description. I also use cm8000}  5.Bxc4 
{that's the chess engine version. Its real name is 
"The King". One of the best in the world.}  c5 {I 
have cm8000 too. Can I also get the King version 
or do I have it. Thanks for the reply}  6.O-O {I'm 
sure you have it. CM is the only commercial game 
using it.}  a6 {Ok thanks, This program certainly 
is one of best. I want to see how it does against 
Fritz.}  7.dxc5 {Me too..yeah... in 1998 CM was 
slightly better or even with Fritz. I heard Fritz 
has improved since.}  Qc7 {There is a player here 
with a Fritz program, but he has not moved yet}  
8.Qe2 {oh... i'll check it out.. what processor 
are you running cm on? i have a 400 mhz p III w/ 
96MB RAM}  Bxc5 {Intel Celeron Processor 500mhz 
with 64MB SDRAM. I have CA5.1 (Tiger12.0). New to 
me though.}  9.e4 {bas is playing with Fritz. 
Cool. I heard Tiguer won a recent tour-t in Spain. 
It seems to be v-good}  Nc6 {It is good. still 
trying to learn it. It beat cm7000 2-0 as white on 
my computer.}  10.Nc3 {yeah... but Tiguer has not 
been played against Fritz. Fritz really did a job 
in GE beating e/body}  Ng4 {I think that cm8000 
can compete with anyone of them. What a strong 
program it is!}  11.g3 Bd6 0-1

[Event "ACL-A126"]
[Site "www.playchess.de"]
[Date "2001.04.18"]
[Round "18"]
[White "ulibear"]
[Black "MAPS"]
[WhiteElo "1301"]
[BlackElo "1500"]
[PlyCount "31"]
[Result "1-0"]

1.c4 e5 2.g3 Nf6 3.Bg2 d5 4.cxd5 Nxd5 5.Nc3 Nxc3 
6.bxc3 Na6 7.d3 Bd6 8.Nf3 O-O 9.O-O Bg4 10.h3 Bxf3 
11.Bxf3 Qc8 12.Kh2 Nc5 13.d4 exd4 14.cxd4 Ne6 
15.e4 Rd8 16.d5 1-0

[Event "HCL-B233"]
[Site "www.playchess.de"]
[Date "2001.04.18"]
[Round "31"]
[White "ademarmr"]
[Black "ddddale"]
[WhiteElo "1714"]
[BlackElo "1366"]
[PlyCount "56"]
[Result "0-1"]

1.e4 d5 {Hello ademarmr}  2.exd5 {hi ddddale, good 
luck}  Nf6 3.Nf3 Qxd5 4.Nc3 Qa5 5.d4 Nc6 6.Bd2 Bg4 
7.Nb5 Qb6 8.Be3 Nd5 9.Bd2 a6 10.Nc3 Bxf3 11.Qxf3 
Nxd4 12.Qd3 Nb4 13.Qe4 Nbxc2+ 14.Kd1 Nxa1 15.Nd5 
Qc6 16.Qxd4 Rd8 17.Bc4 b5 18.Qf4 Qxc4 19.Nxc7+ Kd7 
20.Qxc4 bxc4 21.Ba5 Rb8 22.Kc1 e6 23.Kb1 Ba3 
24.Rd1+ Kc6 25.Rd2 Bb4 26.Nxa6 Bxa5 27.Nxb8+ Rxb8 
28.Re2 Rd8 0-1

[Event "HCL-B256"]
[Site "www.playchess.de"]
[Date "2001.04.18"]
[Round "8"]
[White "Capablancanot"]
[Black "Talc5"]
[WhiteElo "1593"]
[BlackElo "1200"]
[PlyCount "49"]
[Result "1-0"]

1.d4 {Have fun!}  d5 2.c4 dxc4 3.e3 b5 4.a4 c6 
5.axb5 cxb5 6.Qf3 a6 7.Qxa8 Bd7 8.Bd2 Bc6 9.Qa7 
Nf6 10.Ba5 Qc8 11.Qc7 Qxc7 12.Bxc7 Nfd7 13.Nf3 Bb7 
14.Be2 e6 15.O-O Bb4 16.Nc3 O-O 17.Ne5 h5 18.Bxh5 
Nf6 19.Bf3 Nd5 20.Bxd5 exd5 21.Nxb5 axb5 22.Ra7 
Bc8 23.Bxb8 c3 24.bxc3 Bxc3 25.Bd6 1-0

[Event "HCL-A113"]
[Site "www.playchess.de"]
[Date "2001.04.18"]
[Round "8"]
[White "easykiller"]
[Black "mgwili"]
[WhiteElo "1910"]
[BlackElo "1900"]
[PlyCount "96"]
[Result "0-1"]

1.d4 {Hi from Slovakia}  Nf6 {hi. i am from 
zimbabwe. 25. m. currently at university.}  2.Nf3 
d5 3.c4 e6 4.g3 Bb4+ 5.Nbd2 O-O 6.a3 Bxd2+ 7.Nxd2 
dxc4 8.e3 Qd5 9.Qf3 b5 10.Bg2 Bb7 11.O-O Nbd7 
12.Qxd5 Bxd5 13.e4 Bb7 14.Re1 c5 15.e5 Bxg2 
16.exf6 Bd5 {i made a silly blunder!}  17.fxg7 
{why?, may be 15.-Nd5 was better}  Kxg7 {yeah, i 
guess so. i really didn't think abt it.}  18.dxc5 
Nxc5 19.Re3 Rfd8 20.f3 a5 21.Nf1 Nb3 22.Rb1 Bc6 
23.Kf2 Rd1 24.Rxb3 cxb3 25.Bh6+ Kxh6 26.Rxd1 Bd5 
27.Rc1 Ra6 28.Ke3 a4 29.Nd2 f5 30.Kf4 Rb6 31.Ke5 
Kg6 32.Rc8 b4 33.axb4 Rxb4 34.Rg8+ Kf7 35.Rh8 Kg7 
36.Rc8 Rb6 37.Rc7+ Kg6 38.h4 Ra6 39.g4 fxg4 
40.fxg4 a3 41.bxa3 Rxa3 42.Nc4 Ra4 43.h5+ Kh6 
44.Ne3 b2 45.Kf6 b1Q {%}  46.Nf5+ exf5 47.g5+ Kxh5 
48.g6 Qb6+ 0-1

[Event "HCL-B257"]
[Site "www.playchess.de"]
[Date "2001.04.18"]
[Round "10"]
[White "chucaniam"]
[Black "Whatever"]
[WhiteElo "1397"]
[BlackElo "1512"]
[PlyCount "40"]
[Result "0-1"]

1.e4 c5 2.Nf3 Nc6 3.d4 cxd4 4.Nxd4 g6 5.Nc3 Bg7 
6.Be3 Nf6 7.h3 O-O 8.Bc4 Nxe4 9.Nxe4 d5 10.Bxd5 
Qxd5 11.Nc3 Qxg2 12.Rf1 Bxh3 13.Qd3 Qxf1+ 14.Qxf1 
Bxf1 15.Kxf1 Nxd4 16.Nd5 Nxc2 17.Nxe7+ Kh8 18.Rc1 
Nxe3+ 19.fxe3 Bxb2 20.Rb1 Bf6 0-1

[Event "HCL-B261"]
[Site "www.playchess.de"]
[Date "2001.04.18"]
[Round "2"]
[White "chucaniam"]
[Black "Lycanth"]
[WhiteElo "1397"]
[BlackElo "1296"]
[PlyCount "36"]
[Result "0-1"]

1.e4 e5 2.Nf3 Nf6 3.Nc3 Bd6 4.d4 exd4 5.Nxd4 O-O 
6.Bc4 Re8 7.Bg5 h6 8.Bxf6 Qxf6 9.Nd5 Rxe4+ 10.Ne2 
Qxb2 11.Bb3 c6 12.Ne3 Bb4+ 13.Kf1 d5 14.Rb1 Qa3 
15.Ng3 Rf4 16.Nh5 Re4 17.Qf3 b6 18.Nxd5 
cxd5 0-1

[Event "HCL-B261"]
[Site "www.playchess.de"]
[Date "2001.04.18"]
[Round "4"]
[White "Lycanth"]
[Black "kjasig"]
[WhiteElo "1296"]
[BlackElo "1200"]
[PlyCount "79"]
[Result "1-0"]

1.e4 {hello}  e5 2.Nf3 Nc6 3.Bb5 Nf6 4.Nc3 a6 
5.Bxc6 dxc6 6.O-O Bg4 7.h3 Bxf3 8.Qxf3 Bd6 9.d3 
O-O 10.Be3 h6 11.Rad1 Re8 12.d4 Qd7 13.dxe5 Rxe5 
14.Bf4 Ree8 15.e5 g5 16.Bh2 Nd5 17.exd6 cxd6 
18.Nxd5 cxd5 19.Qxd5 Qc6 20.c4 Qxd5 21.Rxd5 Re2 
22.Rb1 Rae8 23.Rdd1 Rc2 24.Bxd6 Ree2 25.Rdf1 Rxc4 
26.Ba3 Rcc2 27.Rbc1 f5 28.Rxc2 Rxc2 29.Re1 Rc7 
30.Re2 Kg7 31.Re7+ Rxe7 32.Bxe7 Kf7 33.Bc5 g4 
34.hxg4 fxg4 35.f3 gxf3 36.gxf3 Kf6 37.Be3 h5 
38.Kh2 Kf5 39.Kg3 Kg6 40.Kh4 1-0

[Event "HCL-C249"]
[Site "www.playchess.de"]
[Date "2001.04.18"]
[Round "19"]
[White "Elrond"]
[Black "Fortis"]
[WhiteElo "1662"]
[BlackElo "1000"]
[PlyCount "33"]
[Result "1-0"]

1.e4 e5 2.Nc3 Qf6 3.Nd5 Qd6 4.Nf3 c6 5.Nc3 Qf6 
6.d4 exd4 7.Bg5 Qd6 8.Qxd4 f6 9.Bh4 c5 10.Qxd6 
Bxd6 11.O-O-O Ne7 12.Rxd6 O-O 13.Bc4+ Kh8 14.e5 g5 
15.Bg3 fxe5 16.Bxe5+ {thanks that shortens the 
game.}  Rf6 17.Bxf6+ 1-0

[Event "HCL-E032"]
[Site "www.playchess.de"]
[Date "2001.04.18"]
[Round "10"]
[White "Chris"]
[Black "Mosca"]
[WhiteElo "2053"]
[BlackElo "2100"]
[PlyCount "52"]
[Result "0-1"]

1.c4 c5 2.Nc3 Nc6 3.Nf3 e5 4.d3 d6 5.e4 Be7 6.Be2 
f5 7.O-O f4 8.Nd5 Nf6 9.Nxf6+ Bxf6 10.a3 O-O 
11.Bd2 Qe8 12.Kh1 Bg4 13.Ng1 Be6 14.Bg4 Bf7 15.b4 
a6 16.g3 g5 17.Ne2 h5 18.Bf5 Ne7 19.g4 b5 20.cxb5 
Qxb5 21.bxc5 Nxf5 22.gxf5 Qxd3 23.Nc3 dxc5 24.Rb1 
Rab8 25.Qe2 Qxe2 26.Nxe2 Bc4 0-1

[Event "HCL-B260"]
[Site "www.playchess.de"]
[Date "2001.04.18"]
[Round "21"]
[White "jorgenio"]
[Black "dg"]
[WhiteElo "1460"]
[BlackElo "1167"]
[PlyCount "39"]
[Result "1-0"]

1.d4 d6 2.e4 g6 3.f4 Bg7 4.Nf3 Bg4 5.Be3 e6 6.Bd3 
Nf6 7.O-O O-O 8.h3 Bxf3 9.Qxf3 c6 10.f5 exf5 
11.exf5 Nbd7 12.Bg5 Qc7 13.Qg3 Nh5 14.Qh4 Qb6 
15.f6 Bh8 16.Nd2 c5 17.Nc4 Qc6 18.Ne3 cxd4 19.Ng4 
Ne5 20.Nh6+ 1-0

[Event "HCL-C243"]
[Site "www.playchess.de"]
[Date "2001.04.18"]
[Round "10"]
[White "DJFisherman"]
[Black "alexander"]
[WhiteElo "1000"]
[BlackElo "1000"]
[PlyCount "24"]
[Result "0-1"]

1.e4 d6 2.d4 g6 3.Nc3 h5 4.Nf3 Nc6 5.Be3 a5 6.Bb5 
Bd7 7.Qe2 e6 8.O-O Na7 9.Bc4 Nf6 10.e5 Ng4 11.d5 
dxe5 12.dxe6 fxe6 0-1

[Event "HCL-C269"]
[Site "www.playchess.de"]
[Date "2001.04.18"]
[Round "4"]
[White "craigsadler"]
[Black "assmonkey"]
[WhiteElo "799"]
[BlackElo "927"]
[PlyCount "68"]
[Result "0-1"]

1.e4 e5 {Good luck}  2.Nf3 {same to you}  Nc6 
3.Bb5 a6 4.Ba4 Nf6 5.O-O Be7 6.Re1 b5 7.Bb3 d6 
8.c3 O-O 9.d4 exd4 10.Nxd4 Bb7 11.Nxc6 Bxc6 12.e5 
Nd7 13.exd6 Bxd6 14.Qg4 h6 15.Bxh6 Qf6 16.Bg5 Qg6 
17.h4 Nf6 18.h5 Qxh5 19.Qxh5 Nxh5 20.Nd2 Nf4 
21.Re3 Rae8 22.Rae1 Nxg2 23.Kf1 Nxe3+ 24.Rxe3 Rxe3 
25.Bxe3 Re8 26.a3 Bd7 27.Ke1 Bf4 28.Nf1 Bh3 29.Ke2 
Bxf1+ 30.Kxf1 Bxe3 31.fxe3 Rxe3 32.Kf2 Rh3 33.Kg2 
Rd3 34.Kf2 Rd2+ 0-1

[Event "HCL-B253"]
[Site "www.playchess.de"]
[Date "2001.04.18"]
[Round "15"]
[White "peakbagger"]
[Black "dg"]
[WhiteElo "1200"]
[BlackElo "1167"]
[PlyCount "67"]
[Result "1-0"]

1.e4 e5 2.Nf3 Nc6 3.Bb5 d6 4.d3 Bd7 5.b3 Nf6 6.h3 
a6 7.Bxc6 Bxc6 8.O-O g6 9.Be3 Bg7 10.Nbd2 O-O 
11.c4 b5 12.c5 Ne8 13.b4 a5 14.a3 axb4 15.Qb3 bxa3 
16.Rfc1 dxc5 17.Bxc5 Nd6 18.Qb4 Bf6 19.Bxd6 Qxd6 
20.Qxd6 cxd6 21.Rxc6 Be7 22.Rb6 d5 23.Rxb5 dxe4 
24.dxe4 Bf6 25.Ra2 Rfc8 26.Rb3 Be7 27.Nb1 Bd6 
28.Nxa3 f5 29.Rd3 Bb8 30.Re2 Kf7 31.Ng5+ Kg7 
32.Rd7+ Kf6 33.h4 fxe4 34.Rf7+ {good game !} 
 1-0

[Event "HCL-B274"]
[Site "www.playchess.de"]
[Date "2001.04.18"]
[Round "5"]
[White "vijal"]
[Black "helmet"]
[WhiteElo "740"]
[BlackElo "1315"]
[PlyCount "38"]
[Result "0-1"]

1.d4 c6 2.c4 d5 3.Nf3 Nf6 4.Nc3 Bf5 5.Bf4 Qb6 6.b3 
e6 7.e3 Bb4 8.Rc1 Ne4 9.c5 Bxc3+ 10.Rxc3 Qb4 
11.Nd2 Qxc3 12.f3 Nxd2 13.Qxd2 Qxd2+ 14.Kxd2 Nd7 
15.Bd3 Bxd3 16.Kxd3 Nf6 17.Bd6 Kd7 18.e4 b6 19.b4 
Ne8 0-1

[Event "HCL-A109"]
[Site "www.playchess.de"]
[Date "2001.04.18"]
[Round "9"]
[White "One_i"]
[Black "easykiller"]
[WhiteElo "1706"]
[BlackElo "1631"]
[PlyCount "84"]
[Result "0-1"]

1.d4 {Good luck to you from Canada}  Nf6 {Hi from 
Slovakia}  2.Nf3 d5 3.Bf4 c6 4.Nbd2 Bf5 5.e3 e6 
6.Be2 Be7 7.Ne5 Nbd7 8.O-O O-O 9.Ndf3 Qb6 10.b3 
Rfd8 11.c4 c5 12.Nxd7 Rxd7 13.Ne5 Rdd8 14.dxc5 
Bxc5 15.Qc1 Rac8 16.cxd5 Nxd5 17.Nc4 Qc6 18.Bf3 
Nxf4 19.exf4 Qc7 20.g3 Bd4 21.Rd1 Bxa1 22.Qxa1 
Rxd1+ 23.Qxd1 b5 24.Ne3 Qc1 25.Qxc1 Rxc1+ 26.Kg2 
Ra1 27.Nxf5 exf5 {I will try to win this game.}  
28.Bc6 b4 29.Bd5 Rxa2 30.h3 a5 31.g4 fxg4 32.hxg4 
a4 33.bxa4 Rxa4 34.f3 Ra3 35.f5 b3 36.g5 b2 37.Be4 
Ra1 38.f4 b1Q {%}  39.Bxb1 Rxb1 40.Kf3 f6 41.Ke4 
h5 42.gxf6 gxf6 0-1

[Event "HCL-C268"]
[Site "www.playchess.de"]
[Date "2001.04.18"]
[Round "2"]
[White "hercos"]
[Black "olaf"]
[WhiteElo "1001"]
[BlackElo "1447"]
[PlyCount "85"]
[Result "1-0"]

1.e4 e5 2.Nf3 Nc6 3.d4 exd4 4.Nxd4 Nf6 5.Nxc6 bxc6 
6.e5 Qe7 7.Qe2 {hi, what do you do ?}  Nd5 8.c4 
Ba6 9.b3 Qh4 10.a3 Bc5 11.g3 Bxf2+ 12.Qxf2 Qe4+ 
13.Kd1 Qxh1 14.Nd2 O-O 15.Kc2 Nb6 16.Nf3 d5 17.Bg2 
Qxg2 18.Qxg2 dxc4 19.bxc4 Bxc4 20.Be3 Bd5 21.Bxb6 
axb6 22.Qe2 Ra5 23.Nd4 Re8 24.Kb2 f6 25.e6 Bxe6 
26.Nxe6 Re5 27.Qc4 b5 28.Qxc6 R8xe6 29.Qxc7 R5e2+ 
30.Kb3 R6e3+ 31.Kb4 R3e4+ 32.Ka5 R4e7 33.Qd8+ R7e8 
34.Qd5+ Kh8 35.Rd1 R2e5 36.Qd7 h6 37.Rd5 R8e7 
38.Qxb5 Rxd5 39.Qxd5 Re5 40.Qb5 g5 41.a4 Kg7 
42.Kb6 Rxb5+ 43.Kxb5 1-0

[Event "HCL-C268"]
[Site "www.playchess.de"]
[Date "2001.04.18"]
[Round "6"]
[White "hercos"]
[Black "HrDoctor"]
[WhiteElo "1001"]
[BlackElo "1000"]
[PlyCount "62"]
[Result "0-1"]

1.e4 e5 2.Nf3 Nf6 3.Nxe5 {Hi, what do you do ?}  
Qe7 {I simply play :-)}  4.d4 {Ia liublu Russia. 
MOCKBA}  d6 {Coooool! You know Russian? I live in 
Irkutsk, it in Siberia. Here so it is cold... :(}  
5.Nf3 {DA, I have already studyed russian. I loved 
CCCP empire. What is your real name ? What do you 
do ?}  Nxe4 {I'm Andrei, and I work as webmaster 
at the large enterprise in Irkutsk. And you?}  
6.Be2 {I am a 25 years old electrical engineering 
student}  Bg4 {I already know, saw your page 
(there the linx is wrong) :(( My info here: 
http://www.privat.hut.ru}  7.O-O {I saw your page 
too.}  Nd7 8.Re1 f5 9.Nfd2 Bxe2 10.Rxe2 O-O-O 
11.f3 d5 12.fxe4 fxe4 13.b3 g5 14.Ba3 Qf6 15.Bxf8 
Qxd4+ 16.Kh1 Qxa1 17.Be7 Rdg8 18.a4 Qe5 19.Bb4 Nf6 
20.Bc3 Qd6 21.Rf2 Rg6 22.Na3 a6 23.Bb2 h5 24.Qf1 
e3 25.Rxf6 Rxf6 26.Bxf6 Rf8 27.Qf5+ Kb8 28.Ndb1 
Rxf6 29.Qd3 Qf4 30.h3 Qf1+ 31.Kh2 
Qxd3 0-1

[Event "HCL-B276"]
[Site "www.playchess.de"]
[Date "2001.04.18"]
[Round "7"]
[White "manchu"]
[Black "pj287"]
[WhiteElo "1200"]
[BlackElo "1408"]
[PlyCount "24"]
[Result "0-1"]

1.e4 c5 {Hi from Port Jervis,NY. Good luck.}  
2.Nc3 {hi there}  Nc6 3.Nf3 e5 4.Nd5 d6 5.Ng5 Nf6 
6.Nxf6+ Qxf6 7.d4 cxd4 8.Bc4 Be6 9.Bxe6 fxe6 
10.O-O O-O-O 11.Qd3 h6 12.Nf3 Be7 0-1

[Event "ACL-A146"]
[Site "www.playchess.de"]
[Date "2001.04.18"]
[Round "6"]
[White "Blocus"]
[Black "Avulcan"]
[WhiteElo "1500"]
[BlackElo "1922"]
[PlyCount "39"]
[Result "1/2-1/2"]

1.d4 d5 {hi}  2.Nf3 e6 3.e3 Nf6 4.Bd3 Nbd7 5.Nbd2 
Bd6 6.O-O e5 7.e4 O-O 8.exd5 Nxd5 9.dxe5 Bxe5 
10.Nc4 Bf6 11.Bxh7+ Kxh7 12.Qxd5 Nb6 13.Qh5+ Kg8 
14.Nce5 Qd5 15.Re1 Nc4 16.b3 Nxe5 17.Nxe5 Be6 
18.Bf4 Rad8 19.c4 Qc5 20.Bg5 {I repeat yesterday's 
draw-offer}  1/2-1/2

[Event "HCL-C276"]
[Site "www.playchess.de"]
[Date "2001.04.18"]
[Round "12"]
[White "Stephen21"]
[Black "Natacuin"]
[WhiteElo "1175"]
[BlackElo "1526"]
[PlyCount "57"]
[Result "1-0"]

1.e4 c5 2.c4 Nc6 3.Nf3 Nf6 4.Nc3 Qc7 5.d4 d6 6.d5 
Ne5 7.Bg5 Nfd7 8.g3 h6 9.Bf4 Ng6 10.Bg2 Nxf4 
11.gxf4 Nb6 12.Nb5 Qd8 13.a3 Nxc4 14.O-O e6 
15.dxe6 fxe6 16.Rc1 Na5 17.Re1 Be7 18.e5 d5 19.b4 
cxb4 20.axb4 Nc6 {?!...}  21.Nfd4 {what?}  a6 
22.Nxc6 bxc6 23.Nd4 Bd7 {2 moves ago, you could 
play Cc7+!!, Sorry by my english. :-), but now 
your position is very good.}  24.Qh5+ {hehe I 
agree that sometimes i don't see enoug, but this 
position isn't bad ^_^}  Kf8 25.Nxc6 Bxc6 26.Rxc6 
Qd7 27.Rec1 Ra7 28.Bh3 Bxb4 29.Bxe6 1-0

[Event "HCL-B281"]
[Site "www.playchess.de"]
[Date "2001.04.18"]
[Round "29"]
[White "soymilk"]
[Black "ulibear"]
[WhiteElo "1169"]
[BlackElo "1330"]
[PlyCount "29"]
[Result "1-0"]

1.Nf3 d5 2.g3 c5 3.Bg2 Nc6 4.O-O e5 5.d3 g6 6.e4 
d4 7.c3 Bg7 8.cxd4 exd4 9.Bf4 Bg4 10.Qd2 Bxf3 
11.Bxf3 Be5 12.Na3 Qc7 13.Nb5 Bxf4 14.Nxc7+ Bxc7 
{the bishop move was my very worst in this 
tounament - I'll gibe up after removin your 
knight}  15.Rac1 {You should see my other games in 
this tourney :(}  1-0

[Event "HCL-C277"]
[Site "www.playchess.de"]
[Date "2001.04.18"]
[Round "8"]
[White "Coney"]
[Black "Uzwil"]
[WhiteElo "1167"]
[BlackElo "1000"]
[PlyCount "66"]
[Result "0-1"]

1.e4 e5 2.f4 d5 3.exd5 e4 4.d3 Nf6 5.c4 c6 6.dxe4 
Nxe4 7.Qe2 cxd5 8.cxd5 Qxd5 9.Nc3 Bb4 10.a3 Bxc3+ 
11.bxc3 O-O 12.Qd3 Qxd3 13.Bxd3 Nxc3 14.Bb2 Re8+ 
15.Kf1 Nd5 16.g3 b6 17.Nf3 Ne3+ 18.Kf2 Ng4+ 19.Kf1 
Bb7 20.Be2 Nd7 21.h3 Ne3+ 22.Kf2 Nc5 23.Be5 Nf5 
24.Rhg1 Ne4+ 25.Ke1 Nexg3 26.Nd4 Nxd4 27.Bxd4 
Rxe2+ 28.Kd1 Rg2 29.Rxg2 Bxg2 30.Kc2 Rc8+ 31.Kb2 
Bxh3 32.Rg1 Nf5 33.Bc3 h5 0-1

[Event "HCL-C277"]
[Site "www.playchess.de"]
[Date "2001.04.18"]
[Round "18"]
[White "YoYo"]
[Black "laehndie26"]
[WhiteElo "1377"]
[BlackElo "388"]
[PlyCount "21"]
[Result "1-0"]

1.d4 d5 2.c4 Be6 3.c5 Nc6 4.e3 Nf6 5.Nc3 Qd7 6.Bb5 
O-O-O 7.Qa4 Ne4 8.Bxc6 Qd6 9.cxd6 Nxc3 10.Qxa7 Nb5 
{#?}  11.Qxb7+ {I think....sorry} 
 1-0

[Event "HCL-A129"]
[Site "www.playchess.de"]
[Date "2001.04.18"]
[Round "4"]
[White "pierrette"]
[Black "easykiller"]
[WhiteElo "1800"]
[BlackElo "1676"]
[PlyCount "59"]
[Result "1/2-1/2"]

1.c4 Nf6 {Hi from Slovakia}  2.Nc3 g6 3.g3 
{bonjour de France}  Bg7 4.Bg2 O-O 5.Nf3 d6 6.O-O 
Nc6 7.d3 a6 8.Rb1 Rb8 9.b4 Ng4 10.Bd2 Nd4 11.Nxd4 
Bxd4 12.e3 Bg7 13.Ne2 Bd7 14.Bc3 Bxc3 15.Nxc3 f5 
16.h4 e5 17.Qb3 Be6 18.Qc2 c6 19.Qe2 Bd7 20.a4 f4 
21.b5 fxe3 22.fxe3 Rxf1+ 23.Rxf1 Qe7 24.bxc6 bxc6 
25.Bxc6 Nxe3 26.Bxd7 Nxf1 27.Nd5 Qf7 28.Qxf1 Qxf1+ 
29.Kxf1 Rb2 30.Nf6+ 1/2-1/2

[Event "HCL-C284"]
[Site "www.playchess.de"]
[Date "2001.04.18"]
[Round "2"]
[White "jjbranc"]
[Black "Gijsbert"]
[WhiteElo "1350"]
[BlackElo "1000"]
[PlyCount "31"]
[Result "1-0"]

1.e4 e5 2.Nf3 d6 3.g3 Nf6 4.Bg2 Nxe4 5.O-O Qd7 
6.d3 Nc5 7.Ng5 Nc6 8.Nc3 Nd4 9.Nd5 b6 10.Nb4 a5 
11.Bc6 Qxc6 12.Nxc6 Nxc6 13.Qf3 Bb7 14.Qxf7+ Kd8 
15.Ne6+ Kc8 16.Qxc7+ 1-0

[Event "ACL-A144"]
[Site "www.playchess.de"]
[Date "2001.04.18"]
[Round "4"]
[White "hercos"]
[Black "HrDoctor"]
[WhiteElo "1900"]
[BlackElo "1500"]
[PlyCount "69"]
[Result "1-0"]

1.e4 {hi, how are you ?}  e5 {coool. and you?}  
2.Nf3 Nf6 3.Nxe5 Qe7 4.d4 {Ich habe deinen 
Web-seiten gesehen und gemerkt, dass du Deutsch 
sprichst.}  d6 {Ja, ich spreche etwas Deutsch... 
Aber sowieso moechte ich Englisch sprechen :-)}  
5.Nf3 {No problems}  Nxe4 6.Be2 Bg4 7.O-O Nd7 
8.Re1 f5 9.Nfd2 Bxe2 {Mercy!}  10.Rxe2 O-O-O 11.f3 
Nf2 12.Kxf2 Qh4+ 13.Kg1 Qxd4+ 14.Kh1 g6 15.Nc3 Bg7 
16.Nb3 Qxd1+ 17.Nxd1 Nf6 18.Bd2 Nd5 19.Nc3 Nxc3 
20.Bxc3 Bxc3 21.bxc3 h5 22.Rae1 h4 23.f4 a6 
24.R2e7 h3 25.g3 Rd7 26.R7e8+ Rxe8 27.Rxe8+ Rd8 
28.Rxd8+ Kxd8 29.Nd4 Ke7 30.Ne2 Kf6 31.Ng1 c5 
32.Nxh3 b5 33.Kg2 c4 34.Kf3 Ke7 
35.Ng1 1-0

[Event "HCL-B294"]
[Site "www.playchess.de"]
[Date "2001.04.18"]
[Round "7"]
[White "O_Man"]
[Black "pawndering40"]
[WhiteElo "1170"]
[BlackElo "1200"]
[PlyCount "60"]
[Result "1-0"]

1.e4 f5 2.d4 fxe4 3.c4 Nf6 4.Nc3 e6 5.Bg5 Bb4 6.f3 
d5 {What state r u from i am 30 miles east of 
Toronto r u a nascar fan?}  7.c5 {Memphis, 
Tennessee...home of Elvis..  I watch a little 
NASCAR}  O-O {have a old friend i believe he lives 
in Tennesse now but i am at work and can'tcheck my 
address boow}  8.a3 Bxc3+ {I am a big nascar fan 
just in LasVegas for race 3 weeks ago}  9.bxc3 
{never been to a race}  Nc6 {my father has worked 
on cars since before i was born so i've always 
been a fan and wannabee driver!!}  10.Nh3 Qe8 
11.Bxf6 Rxf6 12.Be2 e5 13.dxe5 Qxe5 14.O-O Bxh3 
15.gxh3 Na5 16.Qa4 b6 17.cxb6 axb6 18.c4 Qd4+ 
19.Kh1 dxc4 20.Rac1 b5 21.Qxb5 Rb6 22.Qg5 Nb3 
23.Rcd1 Nd2 24.Rxd2 Rg6 25.Rxd4 Rxg5 26.Bxc4+ Kf8 
27.fxe4+ Ke7 28.Rf7+ Ke8 29.Rxc7 Rxa3 30.Bf7+ 
Kf8 1-0

[Event "HCL-B298"]
[Site "www.playchess.de"]
[Date "2001.04.18"]
[Round "2"]
[White "sboehnisch"]
[Black "Ralph"]
[WhiteElo "1177"]
[BlackElo "1200"]
[PlyCount "52"]
[Result "0-1"]

1.e4 {Good luck and best wishes !}  e5 {Thanks, 
best wishes to you as well!}  2.Nf3 Nc6 3.Bc4 Bc5 
4.c3 Nf6 5.d3 d6 6.O-O O-O 7.d4 exd4 8.cxd4 Bb6 
9.Nc3 Bg4 10.Qd3 Nb4 11.Qe2 Bxd4 12.Bf4 Nc6 13.Bd5 
Bxc3 14.bxc3 Re8 15.Qc4 Nxd5 16.exd5 Bxf3 17.dxc6 
Bxc6 18.Qd3 Qf6 19.Be3 a6 20.Rae1 Be4 21.Qc4 Qg6 
22.f3 Bd3 23.Qxc7 Bxf1 24.Qxb7 Bd3 25.Bb6 Rxe1+ 
26.Kf2 Re2+ 0-1

[Event "HCL-B297"]
[Site "www.playchess.de"]
[Date "2001.04.18"]
[Round "7"]
[White "gingy"]
[Black "koogan"]
[WhiteElo "1439"]
[BlackElo "1200"]
[PlyCount "34"]
[Result "0-1"]

1.d4 d5 2.c4 e6 3.e4 dxe4 4.Nc3 Bb4 5.Nge2 Nc6 
6.g3 Nf6 7.Bg2 Bxc3+ 8.bxc3 e5 9.Bg5 exd4 10.cxd4 
Bf5 11.d5 Ne5 12.O-O O-O 13.Qd4 Re8 14.Bxf6 Qxf6 
15.Bxe4 c5 16.Qxc5 Bxe4 17.Nd4 
Nf3+ 0-1

[Event "HCL-C293"]
[Site "www.playchess.de"]
[Date "2001.04.18"]
[Round "24"]
[White "fossa"]
[Black "DanielPR"]
[WhiteElo "951"]
[BlackElo "1000"]
[PlyCount "29"]
[Result "1-0"]

1.e3 e5 2.c4 Nc6 3.Nc3 Nf6 4.Qc2 Nb4 5.Qb3 d5 
6.cxd5 Bf5 7.Bb5+ c6 8.dxc6 Nc2+ 9.Kf1 Qc7 
10.cxb7+ Kd8 11.bxa8Q+ {%}  Qc8 12.Qxc8+ Kxc8 
13.Ba6+ Kd8 14.Qb8+ Ke7 15.Qxa7+ 1-0

[Event "HCL-A131"]
[Site "www.playchess.de"]
[Date "2001.04.18"]
[Round "1"]
[White "Matti"]
[Black "Whatever"]
[WhiteElo "1597"]
[BlackElo "1525"]
[PlyCount "52"]
[Result "0-1"]

1.e4 {I wish you a good game!}  c5 {And to you 
too. Have fun.}  2.Nc3 g6 3.f4 Bg7 4.Nf3 Nc6 5.Bc4 
e6 6.d3 Nge7 7.Be3 b6 8.d4 cxd4 9.Nxd4 Na5 10.Bb3 
Nxb3 11.axb3 d5 12.O-O dxe4 13.Nxe4 Bb7 14.Ng5 O-O 
15.Ngxe6 fxe6 16.Nxe6 Qxd1 17.Raxd1 Nd5 18.Bd4 
Bxd4+ 19.Rxd4 Rf6 20.Ng5 Re8 {I have to check one 
more plan to win.}  21.c4 Ne3 22.Re1 h6 23.Nh3 
Rfe6 24.Rd7 R8e7 25.Rd8+ Kf7 26.g3 
Ng4 0-1

[Event "HCL-A131"]
[Site "www.playchess.de"]
[Date "2001.04.18"]
[Round "3"]
[White "Whatever"]
[Black "KnightCap"]
[WhiteElo "1525"]
[BlackElo "1700"]
[PlyCount "28"]
[Result "0-1"]

1.e4 {Have a good game.}  e6 {You have a good game 
too!}  2.d4 d5 3.Nc3 Bb4 4.a3 Bxc3+ 5.bxc3 dxe4 
6.f3 b6 7.Bb5+ Bd7 8.Bxd7+ Nxd7 9.fxe4 Qh4+ 10.Kf1 
Qxe4 11.Qf3 Ngf6 12.Qxe4 Nxe4 13.Bb2 Ndf6 14.Nf3 
Nd5 0-1

[Event "HCL-A131"]
[Site "www.playchess.de"]
[Date "2001.04.18"]
[Round "21"]
[White "LUCIANO"]
[Black "waz2000"]
[WhiteElo "1268"]
[BlackElo "1895"]
[PlyCount "54"]
[Result "0-1"]

1.d4 Nf6 {Good luck from California}  2.c4 d5 3.e3 
e6 4.Nf3 {thanks from Brazil}  c5 5.cxd5 exd5 
6.Bb5+ Bd7 7.Bxd7+ Qxd7 8.O-O Nc6 9.Nc3 Bd6 
10.dxc5 Bxc5 11.a3 O-O 12.b4 Bd6 13.Bb2 Rfe8 
14.Nb5 Be5 15.Nxe5 Nxe5 16.Nd4 Nc4 17.Rb1 Ne4 
18.Nf3 Rac8 19.Qd4 f6 20.Rfd1 Nxb2 21.Qxb2 Nc3 
22.Qd2 Nxb1 23.Rxb1 Qf5 24.Rd1 Rc2 25.Qe1 Ra2 
26.Qc3 Qc2 27.Qd4 Qxf2+ 0-1